| 000 | 00447nam a22001817a 4500 | ||
|---|---|---|---|
| 003 | koha_MIRAKIL | ||
| 005 | 20231213095711.0 | ||
| 008 | 231213b |||||||| |||| 00| 0 ||| d | ||
| 020 | _b978-0-439-55966-9 | ||
| 040 |
_aTR-IsEVY _btur _cTR-IsEVY |
||
| 082 | _a428.64 STI/I | ||
| 100 | _aStilton, Geronimo. | ||
| 245 | 0 | _aI'm too fond of my fur! | |
| 260 |
_bScholastic, _c2004 |
||
| 300 | _a116 | ||
| 650 | _aİngiliz Dili. | ||
| 942 |
_2ddc _cBK |
||
| 999 |
_c7986 _d7986 |
||